000 00410pab a2200157 454500
008 180718b1997 xxu||||| |||| 00| 0 eng d
100 _aSwaminathan, Padmini
245 _aAll smoke and no fire: the rural energy scene in India
260 _c1997
300 _ap.218-26
362 _aJul-Sep
650 _aEnergy resources - India
650 _aEnergy resources
773 _aProductivity
909 _a36710
999 _c36710
_d36710